Statistics for 1986 FIFA World Cup Knockout Stage

Click here to take the quiz!

General Stats

  • This quiz has been taken 35 times
  • The average score is 13 of 16

Answer Stats

Nation % Correct
Argentina
100%
Belgium
100%
Mexico
100%
West Germany
100%
Brazil
96%
England
96%
Spain
96%
France
93%
Soviet Union
93%
Poland
89%
Italy
85%
Uruguay
81%
Denmark
78%
Bulgaria
52%
Paraguay
52%
Morocco
33%

Score Distribution

Percentile by Number Answered

Percent of People with Each Score

Your Score History

You have not taken this quiz